MARC

LEADER 00000nam0a2200000 4500
001 295291
005 20231102000807.0
035 |a (RuTPU)RU\TPU\book\320368 
090 |a 295291 
100 |a 20150521d1968 k y0rusy50 ca 
101 0 |a rus 
102 |a RU 
105 |a a z 001zy 
200 1 |a Впрыскивающие пароохладители в судовых установках   |f А. К. Ильин, А. М. Скачков 
210 |a Ленинград  |c Судостроение  |d 1968 
215 |a 110 с.  |c ил. 
320 |a Библиогр.: с. 110. 
606 1 |a Паросиловые установки судовые  |2 stltpush  |3 (RuTPU)RU\TPU\subj\48316  |9 67192 
606 1 |a Конденсаторы пара  |2 stltpush  |3 (RuTPU)RU\TPU\subj\15326  |9 41578 
610 1 |a пароохладители 
610 1 |a перегретый пар 
610 1 |a гидродинамические расчеты 
610 1 |a тепловые расчеты 
610 1 |a пароохладители впрыскивающего типа 
675 |a 621.12  |v 3 
675 |a 621.175  |v 3 
700 1 |a Ильин  |b А. К.  |g Альберт Константинович 
701 1 |a Скачков  |b А. М.  |g Анатолий Михайлович 
801 1 |a RU  |b 63413507  |c 20150521 
801 2 |a RU  |b 63413507  |c 20221019  |g RCR 
942 |c BK